000 00887cam a22002774a 4500
001 14334506
003 OSt
005 20230703144540.0
008 060410s2005 sx a f000 0 eng
010 _a 2006305433
020 _a086976523X
040 _aDLC
_cDLC
042 _alcode
043 _af-sx---
082 _a342.688
_bRON
110 1 _aNamibia.
245 1 0 _aConstitution of the Republic of Namibia.
260 _aWindhoek :
_bDirectorate Print Media and Regional Offices, Ministry of Information and Broadcasting,
_c[2005]
300 _a69, xiii p. :
_bill. (some col.) ;
_c21 cm.
500 _a"A blueprint for the future"--Cover.
650 0 _aConstitutions
_zNamibia.
710 1 _aNamibia.
_bDirectorate Print Media and Regional Offices.
906 _a7
_bcbc
_corigode
_d2
_encip
_f20
_gy-gencatlg
942 _2ddc
_cBK
999 _c3312
_d3312